000
00280nam a22001337a 4500
008
190205b xxu||||| |||| 00| 0 eng d
020
_a
003551412
041
_a
eng
080
_a
530
100
_a
43
101
_a
FIZ
245
_a
Project Physics
_c
Rabi,I.I
942
_2
udc
_c
BK
999
_c
54021
_d
54021